LEADER 01492nam a2200325 a 4500 001 000000134682 003 CaOOAMICUS 005 20130627140944.0 008 130627s2001 it d u000 u ita r 020 $a88-07-81641-5 040 $aPUL$bita 041 1 $aita$heng 100 1 $aSennett, Richard,$d1943-$0(OLS)http://pul/name/42613 240 10$aCorrosion of character.$lItaliano.$0(OLS)http://pul/title/170313 245 12$aL'uomo flessibile :$ble conseguenze del nuovo capitalismo sulla vita personale /$cRichard Sennett ; traduzione di Mirko Tavosanis/ShaKe. 260 $aMilano :$bFeltrinelli,$c2001. 300 $a158 p. :$bgrafici ;$c18 cm 490 1 $aSaggi. Universale Economica Feltrinelli ;$v1641 504 $aComprende riferimenti bibliografici ed indice. 650 4$aCapitalismo (sociologia).$0(OLS)http://pul/subject/22773 700 1 $aTavosanis/ShaKe, Mirko.$0(OLS)http://pul/name/86763 830 0$aSaggi (Universale economica Feltrinelli) ;$v1641.$0(OLS)http://pul/title/168094 850 $aPUL 852 $aPUL$W1$xDP1 Fondo E. Rossi$y115$m1 S 71$j154895$qFondi$B154442$CPULBib$Z2$F154442 $82 941 1 $a1 961 $aSul dorso collocazione ms. di E. Rossi: S 26 996 $6020$a88-07-81641-5$9(OLS)http://pul/number/153159 996 $6245$aL'uomo flessibile :$ble conseguenze del nuovo capitalismo sulla vita personale$9(OLS)http://pul/title/170312 996 $6260$aMilano :$bFeltrinelli$9(OLS)http://pul/publisher/48846 LEADER 01692nam a2200361 u 4500 001 000000046973 003 CaOOAMICUS 005 20070226114831.0 008 990723s1999 it u000 u ita u 020 $a8839405445 035 $a10830753 040 $aPUL$bita$dPUL 041 1 $aita$hspa 100 1 $aCruz Hernández, Miguel,$d1920-$0(OLS)http://pul/name/34190 240 10$aHistoria del pensamiento en el mundo islámico.$lItaliano.$0(OLS)http://pul/title/63223 245 10$aStoria del pensiero nel mondo islamico.$n1,$pDalle origini al XII secolo in Oriente /$cMiguel Cruz Hernandez ; a cura di B. Chiesa e R. Tottoli. 246 30$aDalle origini al XII secolo in Oriente 260 $aBrescia :$bPaideia,$c1999. 300 $a389 p. ;$c24 cm 490 1 $aPhilosophica (Paideia).$aTesti e studi ;$v3 500 $aContiene bibliografia. 650 4$aFilosofia orientale$xStoria.$0(OLS)http://pul/subject/19864 700 1 $aTottoli, Roberto.$0(OLS)http://pul/name/34191 700 1 $aChiesa, Bruno.$0(OLS)http://pul/name/12445 830 0$aPhilosophica (Paideia).$pTesti e studi ;$v3.$0(OLS)http://pul/title/63226 850 $aPUL 852 $aPUL$W1$xSL Religione 1$y3$m7.1.F.66$j62847$nBK-PRI$b $qStampati$B62847$CPULBib$Z2$F62847 $H $81 941 1 $a8 961 $aINV: 80102 996 $6020$a8839405445$9(OLS)http://pul/number/58567 996 $6245$aStoria del pensiero nel mondo islamico.$n1,$pDalle origini al XII secolo in Oriente$9(OLS)http://pul/title/63224 996 $6246$aDalle origini al XII secolo in Oriente$9(OLS)http://pul/title/63225 996 $6260$aBrescia :$bPaideia$9(OLS)http://pul/publisher/47884